Trilogia cuiabana : (Record no. 1310)
[ view plain ]
| 000 -LÍDER | |
|---|---|
| Campo Fixo de Controle | 00994nam a2200277 a 4500 |
| 001 - NÚMERO DE CONTROLE | |
| Campo de Controle | 1310 |
| 003 - IDENTIFICAÇÃO DO NÚMERO DE CONTROLE | |
| Campo de Controle | BR-CuiBMT |
| 005 - DATA E HORA DA ÚLTIMA ATUALIZAÇÃO | |
| Campo de Controle | 20231215184913.0 |
| 008 - DADOS FIXOS | |
| Dados Fixos | 231204s2021 mtba 000 0 por d |
| 020 ## - INTERNATIONAL STANDARD BOOK NUMBER | |
| Nº do ISBN | 9786586328431 |
| 040 ## - AGÊNCIA CATALOGADORA | |
| Código da Agência Catalogadora | BR-CuiBMT |
| Agência que transcreveu o registro | BR-CuiBMT |
| 080 ## - Nº DA CLASSIFICAÇÃO DECIMAL UNIVERSAL | |
| Nº edição CDU | 2007 |
| Nº Class. CDU | 821.134.3 |
| Subd. Auxiliar Comum | (81) |
| 090 ## - NÚMERO DE CHAMADA | |
| Nº classificação | 821.134.3(81) |
| Cutter | F866t |
| 100 1# - ENTRADA PRINCIPAL -- AUTOR PESSOAL | |
| Nome pessoal | Freire, Silva, |
| Datas associadas ao nome | 1928-1991 |
| 245 ## - TÍTULO PRINCIPAL | |
| Título principal | Trilogia cuiabana : |
| Subtítulo | ossatura da cuiabania / |
| Indicação de responsabilidade | Silva Freire ; organizadores Larissa Silva Freire Spinelli, João Paulo Lacerda Paes de Barros, Maria Teresa Carrión Carracedo. |
| 260 ## - PUBLICAÇÃO, DISTRIBUIÇÃO, ETC. | |
| Local de publicação | Cuiabá : |
| Editora | Entrelinhas, |
| Data | 2021. |
| 300 ## - DESCRIÇÃO FÍSICA | |
| N. páginas ou volumes | 395 p.: |
| Ilustrações | il. |
| Dimensões | 22 cm |
| 490 ## - INDICAÇÃO DE SÉRIE | |
| Título da série | Cultura e busca de identidade |
| Volume/designação sequencial da série | v.3 |
| 650 ## - ASSUNTO TÓPICO | |
| Cabeçalho tópico ou nome geográfico | Contos brasileiros |
| 650 ## - ASSUNTO TÓPICO | |
| Cabeçalho tópico ou nome geográfico | Literatura |
| Subdivisão geográfica | Brasil |
| 700 ## - ENTRADA SECUNDÁRIA -- NOME PESSOAL | |
| Cód. do termo explicativo | org. |
| Nome pessoal | Spinelli, Larissa Silva Freire |
| 700 ## - ENTRADA SECUNDÁRIA -- NOME PESSOAL | |
| Cód. do termo explicativo | org. |
| Nome pessoal | Barros, João Paulo Lacerda Paes de |
| 700 ## - ENTRADA SECUNDÁRIA -- NOME PESSOAL | |
| Cód. do termo explicativo | org. |
| Nome pessoal | Carrión Carracedo, Maria Teresa |
| 830 ## - ENTRADA SECUNDÁRIA DE SÉRIE -- TÍTULO UNIFORME | |
| Título uniforme | Cultura e busca de identidade |
| Nº do volume/designação sequencial da série | 3 |
| 942 ## - ELEMENTOS DE ENTRADA ADICIONAIS (KOHA) | |
| Fonte de classificação ou esquema de arquivamento | Classificação Decimal Universal |
| Tipo de item do Koha | Livros |
| Estado: removido | Estado: perdido | Fonte de classificação ou esquema de arquivamento | Estado: danificado | Indisponível para empréstimo | Localização permanente | Localização atual | Data de aquisição | Total Checkouts | Número de Chamada completo | Código de barras | Date last seen | Número do exemplar | Preço efetivo a partir de | Tipo de item (Koha) |
|---|---|---|---|---|---|---|---|---|---|---|---|---|---|---|
| Classificação Decimal Universal | Biblioteca da Escola Superior de Contas do TCE/MT | Biblioteca da Escola Superior de Contas do TCE/MT | 04/12/2023 | 821.134.3(81) F866t | BIBTCEMT23120152 | 04/12/2023 | Ex. 1 | 04/12/2023 | Livros | |||||
| Classificação Decimal Universal | Biblioteca da Escola Superior de Contas do TCE/MT | Biblioteca da Escola Superior de Contas do TCE/MT | 15/12/2023 | 821.134.3(81) F866t | BIBTCEMT23120552 | 15/12/2023 | Ex. 2 | 15/12/2023 | Livros | |||||
| Classificação Decimal Universal | Biblioteca da Escola Superior de Contas do TCE/MT | Biblioteca da Escola Superior de Contas do TCE/MT | 15/12/2023 | 821.134.3(81) F866t | BIBTCEMT23120553 | 15/12/2023 | Ex. 3 | 15/12/2023 | Livros |